锑星百科 大锑排名2023 The Great Superscientists 2023 - Statistics

General Stats
  • This quiz has been taken 7 times
  • The average score is 34 of 62
Answer Stats
Hint Answer % Correct
0 赵明毅
100%
1 锂盐红
100%
2 陈叔叔
100%
3 雷绍武
100%
3 涂效灰
100%
4 锂森科
100%
4 周杰昌
100%
4 杨启彪
100%
6 王存臻
100%
7 锌吉菲
100%
8 菜虚锟
100%
17 吕华青
100%
19 刘华青
100%
35 老国哥
100%
36 老八
100%
44 袁莲花
100%
46 徐液镓
100%
20 Jetumin.123456
100%
6 沙茶酱
67%
18 符华青
67%
26 涅湾禅师
67%
27 万草园主
67%
40 沙·币
67%
2 镭锶
33%
3 王洪成
33%
5 张锆钖
33%
5 涂零
33%
5 张若水
33%
6 陈斌惠
33%
8 史蒂夫
33%
9 郭德胜
33%
11 二氢妇女
33%
12 郭子
33%
13 亥多根·赛亚奈得
33%
15 伊夫·奥克基
33%
16 𬭩离子
33%
22 滕维建
33%
23 三江方士
33%
24 杨化青
33%
25 钒伟
33%
28 锂查锝
33%
29 高尔稽
33%
30 碳锆镪
33%
31 鉲镧铽
33%
32 艺酸古
33%
33 珀泽内德
33%
34 关帐
33%
37 金鹏飞
33%
38 张一鸣
33%
39 甘一灰
33%
41 锂子丰
33%
42 天王星
33%
45 米用居士
33%
47 唐帅夫
33%
48 邱赫宇
33%
49 锘钡铒
33%
50 赛劳斯
33%
51 江苯胜
33%
10 2964
33%
21 919
33%
14 GSC.yc.1275
33%
43 Zcat
33%
No matching quizzes found
Score Distribution
Percent of People with Each Score
Percentile by Number Answered
Your Score History
You have not taken this quiz